| 000 | 00986nam a22002417a 4500 | ||
|---|---|---|---|
| 001 | 1366 | ||
| 005 | 20250904082323.0 | ||
| 020 | _a9789924340782 | ||
| 040 |
_aFISKH _beng _cFISKH _dFISKH |
||
| 082 | _a793.738 | ||
| 100 | _aSodany, Ouch | ||
| 245 | _aកម្រងល្បែងកម្សាន្ត / | ||
| 260 |
_aPhnom Penh : _bSipar, _c2020. |
||
| 505 | _aJ | ||
| 520 | _aល្បែងកម្សាន្តល្បងប្រាជ្ញាខុសៗគ្នាសម្រាប់ជាជំនួយស្មារតី បង្កើនការគិតដល់មិត្តអ្នកអាន។ | ||
| 520 | _aDifferent brain teaser games to help increase the thinking of readers. | ||
| 521 |
_a500
_bLexile estimate |
||
| 521 |
_aJ
_bRaz-Plus |
||
| 650 |
_aល្បែងកម្សាន្ត _vប្រាជ្ញា |
||
| 650 |
_aBrain teaser games _v EQ |
||
| 700 |
_aVisoth, Seng _cillustrator |
||
| 942 |
_2ddc _cBK _n0 |
||
| 999 |
_c1366 _d1366 |
||